Médailles Olympiques Suisse - Pékin 2022 - Statistiques

Statistiques générales
  • Ce quiz a été pris 34 fois
    29 depuis la dernière actualisation
  • Le résultat moyen est 10 sur 15
Statistiques - réponses
Hint Réponse % Correct
Or Beat Feuz
92%
Or Marco Odermatt
92%
Or Lara Gut-Behrami
85%
Bronze Lara Gut-Behrami
85%
Argent Wendy Holdener
77%
Bronze Wendy Holdener
77%
Or Michelle Gisin
73%
Bronze Michelle Gisin
73%
Or Mathilde Gremaud
69%
Bronze Mathilde Gremaud
69%
Or Corinne Suter
62%
Bronze Fanny Smith
35%
Or Ryan Regez
27%
Argent Alex Fiva
23%
Bronze Jan Scherrer
15%
Aucun quiz correspondant
Distribution des résultats
% des personnes avec chaque résultat
Percentile par nombre de réponses
Votre historique - résultats
Vous n’avez pas pris ce quiz depuis la dernière actualisation